Nepresvedčiví košickí sólisti Divadlo

Bibliographic Details
Main Author: Kohútová, Magdaléna (Author)
Corporate Author: Východoslovenské štátne divadlo v Košiciach (Author)
Format: Article
Language:Slovak
Subjects:

MARC

LEADER 00000nab a2200000 a 4500
001 vtls000926386
003 SK-MaSNL
005 20260303194401.0
008 040720e19960321xo 0 slo
035 |a KE35263 
040 |a KEVKJB  |b slo  |c KEVKJB  |e AACR2 
041 0 |a slo 
044 |a xo  |c SK 
080 |a 792.5  |2 1981 
080 |a 792.072  |2 1981 
100 1 |a Kohútová, Magdaléna  |4 aut  |9 882179 
245 1 0 |a Nepresvedčiví košickí sólisti  |b Divadlo 
610 2 7 |a Východoslovenské štátne divadlo v Košiciach  |2 KEVKJB  |9 232428 
650 0 7 |a opery  |2 KEVKJB  |9 3214 
651 7 |a Košice (Slovensko)  |2 KEVKJB  |9 18694 
651 7 |a KE,  |2 KEVKJB  |9 877256 
655 7 |a periodikum  |2 snkbucl  |9 29553 
710 2 |a Východoslovenské štátne divadlo v Košiciach  |4 aut  |9 232428 
773 0 8 |t Nový Čas  |g Roč. 6, č.68, 21.3.1996, s. 8 
852 |a ZVYKNI  |b KIS3GCP 
999 |c 2157232  |d 2159162